Le Rafale - Statistiques

Statistiques générales
  • Ce quiz a été pris 58 fois
  • Le résultat moyen est 8 sur 16
Statistiques - réponses
Question Réponse % Correct
Quelle lettre porte le Rafale en version marine ? M
93%
Quel est le constructeur du Rafale ? Dassault Aviation
91%
Quel standard du Rafale est prévu de sortir en 2033 ? F5
74%
Combien y a-t-il de points d'emports sur la version marine ? 13
70%
Quels sont ses réacteurs actuellement ? SNECMA/Safran M88-2
63%
Quelle est la longueur du Rafale ? 15,30 m
58%
En quelle année le Rafale a-t-il volé pour la première fois ? 1986
58%
En quelle année commence le développement du Rafale ? 1983
56%
Comment s'appelle la patrouille acrobatique qui utilise le Rafale ? Rafale Solo Display
53%
Quel est le nom du missile anti-navire le plus connu utilisé par le Rafale ? Exocet AM39
40%
Par quel adjectif est qualifié le Rafale ? Omnirôle
30%
Comment s'appelle le système de contre-mesure électronique ? SPECTRA
28%
Quel est le nom du prototype du Rafale C ? Rafale C01
21%
Quel est le poids d'un Rafale à vide ? ≈ 10 tonnes
19%
Comment s'appelle le viseur de casque de Thales utilisé sur Rafale ? Thales SCORPION®
14%
Quels sont les premiers réacteurs du Rafale ? General Electric F404
5%
Aucun quiz correspondant
Distribution des résultats
% des personnes avec chaque résultat
Percentile par nombre de réponses
Votre historique - résultats
Vous n’avez pas pris ce quiz